Statistics for Spelling and Pronunciation

Click here to take the quiz!

General Stats

  • This quiz has been taken 32,105 times
  • The average score is 12 of 21

Answer Stats

Pronunciation Word % Correct
Sham painChampagne
94%
Ree ceetReceipt
90%
PlackPlaque
87%
Fa hee taFajita
84%
UrbHerb
82%
FlemPhlegm
77%
Keen wahQuinoa
69%
Pear a dimeParadigm
67%
Shall ayChalet
67%
Ron day vooRendezvous
65%
Hay nussHeinous
59%
Rah poreRapport
58%
Fur lowFurlough
53%
Po pore eePotpourri
47%
Air oo diteErudite
42%
Ay dill viceEdelweiss
37%
Cash ayCachet
37%
Ahn weeEnnui
28%
Huts puhChutzpah
26%
Die usDais
24%
Cocks unCoxswain
18%

Score Distribution

Percentile by Number Answered

Percent of People with Each Score

Your Score History

You have not taken this quiz